[Event "NB II. Breyer csoport"]
[Site "Budapest"]
[Date "2023.10.08"]
[Round "1.5"]
[White "Botlik, Bela"]
[Black "Toth, Rafael"]
[Result "1/2-1/2"]
[WhiteElo "1975"]
[BlackElo "1709"]
[PlyCount "85"]
[EventDate "2023.10.08"]
[EventType "team-tourn"]
[EventRounds "9"]
[EventCountry "HUN"]
[Source "chess.hu"]
[WhiteTeam "Varosgazda Akademia"]
[BlackTeam "MTK Budapest II."]
[WhiteTeamCountry "HUN"]
[BlackTeamCountry "HUN"]

1. b3 e5 2. Bb2 Nc6 3. e3 d6 4. g3 Nf6 5. Bg2 Bf5 6. d3 Be7 7. Nd2 O-O 8. e4
Be6 9. f4 Ng4 10. Nf1 exf4 11. h3 Ne3 12. Nxe3 fxe3 13. Qe2 Bf6 14. c3 d5 15.
O-O-O Re8 16. Nf3 d4 17. cxd4 Nxd4 18. Qxe3 Nxf3 19. Qxf3 Bxb2+ 20. Kxb2 Qd4+
21. Kb1 a5 22. Rd2 a4 23. Qf2 Qb4 24. d4 axb3 25. d5 Rxa2 26. dxe6 Rea8 27.
Rxa2 bxa2+ 28. Ka1 fxe6 29. Qb2 Qxb2+ 30. Kxb2 a1=Q+ 31. Rxa1 Rxa1 32. Kxa1 e5
33. Kb2 Kf7 34. Kc3 c6 35. Bf1 Ke6 36. Bc4+ Kd6 37. h4 h6 38. Kd3 b6 39. Bf7
Kc5 40. Be8 Kd6 41. Kc4 Kc7 42. Kb4 Kd6 43. Kc4 1/2-1/2

[Event "NB II. Breyer csoport"]
[Site "Budapest"]
[Date "2023.10.08"]
[Round "1.6"]
[White "Gondor, Jakab"]
[Black "Banhazi, Istvan"]
[Result "1-0"]
[WhiteElo "1652"]
[BlackElo "1956"]
[PlyCount "51"]
[EventDate "2023.10.08"]
[EventType "team-tourn"]
[EventRounds "9"]
[EventCountry "HUN"]
[Source "chess.hu"]
[WhiteTeam "MTK Budapest II."]
[BlackTeam "Varosgazda Akademia"]
[WhiteTeamCountry "HUN"]
[BlackTeamCountry "HUN"]

1. e4 c5 2. c3 d5 3. exd5 Qxd5 4. d4 Nf6 5. Nf3 Bg4 6. Be2 cxd4 7. cxd4 e6 8.
Nc3 Qd8 9. O-O Nc6 10. Be3 Be7 11. Qb3 Qc8 12. h3 Bh5 13. Rfd1 O-O 14. d5 exd5
15. Nxd5 Bd8 16. Rac1 Nxd5 17. Rxd5 Bg6 18. Ne5 Be4 19. Rd7 Nxe5 20. Rxc8 Rxc8
21. Rd4 Bc6 22. Bb5 Bb6 23. Ra4 Bxe3 24. fxe3 a6 25. Bxc6 Rxc6 26. Qxb7 1-0

[Event "NB II. Breyer csoport"]
[Site "Budapest"]
[Date "2023.10.08"]
[Round "1.7"]
[White "Rozsnyai, Tibor"]
[Black "Szabo, Bela"]
[Result "1-0"]
[WhiteElo "1975"]
[BlackElo "1675"]
[PlyCount "115"]
[EventDate "2023.10.08"]
[EventType "team-tourn"]
[EventRounds "9"]
[EventCountry "HUN"]
[Source "chess.hu"]
[WhiteTeam "Varosgazda Akademia"]
[BlackTeam "MTK Budapest II."]
[WhiteTeamCountry "HUN"]
[BlackTeamCountry "HUN"]

1. c4 Nf6 2. Nc3 c6 3. e3 e5 4. d4 e4 5. Nh3 Bb4 6. Bd2 O-O 7. Nxe4 Bxd2+ 8.
Nxd2 d5 9. Nf4 Re8 10. Be2 Bf5 11. O-O g5 12. Nh5 Nbd7 13. Nxf6+ Nxf6 14. Nf3
h6 15. cxd5 cxd5 16. Bd3 Bg4 17. h3 Bh5 18. g4 Bg6 19. Bxg6 fxg6 20. Ne5 Kh7
21. Qd3 Rg8 22. f3 Rc8 23. Rfc1 Nd7 24. Rxc8 Qxc8 25. Nxd7 Qxd7 26. Rc1 Rg7 27.
Kg2 Re7 28. Rc3 a6 29. Qc2 Kg7 30. a3 Qe6 31. Qf2 h5 32. Qg3 Qb6 33. b3 h4 34.
Qf2 Qd6 35. b4 b6 36. Kg1 Rf7 37. Kg2 Qb8 38. Qe1 Qd6 39. Rc2 Qf6 40. Qf2 Qd6
41. Kg1 Qf6 42. e4 dxe4 43. fxe4 Qe6 44. Qe3 Rf4 45. Rc7+ Kh6 46. d5 Qe5 47.
Qc3 Rxe4 48. Qxe5 Rxe5 49. d6 Rd5 50. d7 a5 51. Kf2 axb4 52. axb4 Rd6 53. Ke3
Rd1 54. Ke4 Rd6 55. Ke5 Rd1 56. Ke6 Re1+ 57. Kd6 b5 58. Rc5 1-0

[Event "NB II. Breyer csoport"]
[Site "Budapest"]
[Date "2023.10.08"]
[Round "1.8"]
[White "Kiss, Inez"]
[Black "Magyar, Erik Ferenc"]
[Result "1/2-1/2"]
[WhiteElo "1569"]
[BlackElo "1793"]
[PlyCount "119"]
[EventDate "2023.10.08"]
[EventType "team-tourn"]
[EventRounds "9"]
[EventCountry "HUN"]
[Source "chess.hu"]
[WhiteTeam "MTK Budapest II."]
[BlackTeam "Varosgazda Akademia"]
[WhiteTeamCountry "HUN"]
[BlackTeamCountry "HUN"]

1. c4 e5 2. Nc3 Nf6 3. g3 g6 4. Bg2 Bg7 5. e4 O-O 6. Nge2 d6 7. O-O Nc6 8. d3
Ne8 9. Be3 f5 10. exf5 Bxf5 11. d4 exd4 12. Nxd4 Nxd4 13. Bxd4 Nf6 14. Bxb7 Rb8
15. Bd5+ Nxd5 16. Nxd5 Bxd4 17. Qxd4 c5 18. Qc3 Be4 19. f4 Bxd5 20. cxd5 Qb6
21. Rf2 Rfe8 22. Re1 c4 23. Rxe8+ Rxe8 24. Qxc4 Re1+ 25. Kg2 Qe3 26. Qc8+ Kg7
27. Qd7+ Kh6 28. Qh3+ Kg7 29. Qe6 Qxe6 30. dxe6 Rxe6 31. Rc2 Kf6 32. Kf3 Re7
33. Rd2 Rd7 34. Ke4 Ke6 35. g4 d5+ 36. Kd4 Rc7 37. Re2+ Kd6 38. b3 Rc1 39. f5
gxf5 40. gxf5 Rf1 41. Re6+ Kd7 42. Re5 Kc6 43. Re6+ Kd7 44. Rh6 Rxf5 45. Rxh7+
Kd6 46. Rxa7 Rf4+ 47. Ke3 Rh4 48. a4 Rxh2 49. b4 Rh4 50. b5 Kc5 51. Rc7+ Kb6
52. Rc6+ Kb7 53. a5 Rb4 54. a6+ Ka7 55. Rc7+ Kb8 56. Rb7+ Ka8 57. Kd3 d4 58.
Ke4 d3+ 59. Kxd3 Rd4+ 60. Kxd4 1/2-1/2

[Event "NB II. Breyer csoport"]
[Site "Budapest"]
[Date "2023.10.08"]
[Round "1.9"]
[White "Salamon, Laszlo"]
[Black "Zsiga, Arpad"]
[Result "1-0"]
[WhiteElo "1780"]
[BlackElo "1728"]
[PlyCount "43"]
[EventDate "2023.10.08"]
[EventType "team-tourn"]
[EventRounds "9"]
[EventCountry "HUN"]
[Source "chess.hu"]
[WhiteTeam "Varosgazda Akademia"]
[BlackTeam "MTK Budapest II."]
[WhiteTeamCountry "HUN"]
[BlackTeamCountry "HUN"]

1. e4 e5 2. Nf3 Nc6 3. d4 exd4 4. Bc4 Bb4+ 5. c3 dxc3 6. bxc3 Ba5 7. O-O d6 8.
Qb3 Qe7 9. Ba3 Nf6 10. Re1 Nd7 11. e5 Ndxe5 12. Nxe5 Nxe5 13. Nd2 Bb6 14. Nf3
Qf6 15. Nxe5 Bxf2+ 16. Kh1 Bxe1 17. Rxe1 O-O 18. Nxf7 d5 19. Bxd5 Qf2 20. Qd1
Bh3 21. Ng5+ Be6 22. Bxe6+ 1-0

[Event "NB II. Breyer csoport"]
[Site "Budapest"]
[Date "2023.10.08"]
[Round "1.10"]
[White "Toth, Timea"]
[Black "Sandor, Jozsef"]
[Result "1/2-1/2"]
[WhiteElo "1576"]
[BlackElo "1794"]
[PlyCount "76"]
[EventDate "2023.10.08"]
[EventType "team-tourn"]
[EventRounds "9"]
[EventCountry "HUN"]
[Source "chess.hu"]
[WhiteTeam "MTK Budapest II."]
[BlackTeam "Varosgazda Akademia"]
[WhiteTeamCountry "HUN"]
[BlackTeamCountry "HUN"]

1. e4 d6 2. d4 e5 3. Nc3 Nf6 4. Nf3 Qe7 5. Bg5 c6 6. h3 h6 7. Be3 Qc7 8. Qd2 g5
9. O-O-O Be7 10. g4 Rg8 11. d5 Nbd7 12. Be2 c5 13. Nb5 Qb6 14. Nc3 a6 15. b3
Qb4 16. Kb2 Nxe4 17. Nxe4 Qxe4 18. h4 f6 19. hxg5 hxg5 20. Rdg1 Qb4 21. Qxb4
cxb4 22. Nd2 b5 23. Ne4 Bb7 24. Rd1 O-O-O 25. Bf3 Rh8 26. Ng3 Rdg8 27. Rxh8
Rxh8 28. Rh1 Rxh1 29. Bxh1 Kc7 30. Nf5 Bf8 31. Kc1 Nb6 32. Bxb6+ Kxb6 33. Kd2
Kc5 34. Ne3 Kd4 35. Nf5+ Kc5 36. Ne3 Kd4 37. Nf5+ Kc5 38. Ne3 Kd4 1/2-1/2

[Event "NB II. Breyer csoport"]
[Site "Budapest"]
[Date "2023.10.08"]
[Round "1.11"]
[White "Li, Changxing"]
[Black "Shen, Yiyun"]
[Result "1/2-1/2"]
[WhiteElo "1512"]
[BlackElo "1420"]
[PlyCount "66"]
[EventDate "2023.10.08"]
[EventType "team-tourn"]
[EventRounds "9"]
[EventCountry "HUN"]
[Source "chess.hu"]
[WhiteTeam "Varosgazda Akademia"]
[BlackTeam "MTK Budapest II."]
[WhiteTeamCountry "HUN"]
[BlackTeamCountry "HUN"]

1. e4 Nf6 2. e5 Nd5 3. c4 Nb6 4. d4 d6 5. exd6 cxd6 6. h3 Nc6 7. Nf3 g6 8. Be2
Bg7 9. O-O O-O 10. Nc3 e5 11. dxe5 dxe5 12. Be3 Nd4 13. c5 Nxe2+ 14. Qxe2 Nd5
15. Nxd5 Qxd5 16. Rfd1 Qc6 17. Rd6 Qc7 18. Rad1 Be6 19. Ng5 Bxa2 20. Rd7 Qc8
21. Qb5 b6 22. cxb6 axb6 23. Bxb6 h6 24. Ne4 Be6 25. Rc7 Qa6 26. Qxa6 Rxa6 27.
Bc5 Rb8 28. Ba3 Bf5 29. Nc5 Rab6 30. Nd7 Bxd7 31. Rdxd7 Rf6 32. Be7 Rf5 33. b4
Bf8 1/2-1/2

[Event "NB II. Breyer csoport"]
[Site "Budapest"]
[Date "2023.10.08"]
[Round "1.12"]
[White "Kiss, Villo"]
[Black "Ma, Guangxianzhao"]
[Result "1-0"]
[WhiteElo "1056"]
[BlackElo "1202"]
[PlyCount "71"]
[EventDate "2023.10.08"]
[EventType "team-tourn"]
[EventRounds "9"]
[EventCountry "HUN"]
[Source "chess.hu"]
[WhiteTeam "MTK Budapest II."]
[BlackTeam "Varosgazda Akademia"]
[WhiteTeamCountry "HUN"]
[BlackTeamCountry "HUN"]

1. Nf3 d5 2. d4 Nf6 3. g3 c5 4. Bg2 Nc6 5. O-O e6 6. c4 Be7 7. Nc3 h6 8. b3 O-O
9. Qc2 cxd4 10. Nb1 b6 11. Rd1 e5 12. cxd5 Nxd5 13. Qxc6 Be6 14. Nxe5 Nb4 15.
Qxa8 Qxa8 16. Bxa8 Rxa8 17. Rxd4 Nc2 18. Bb2 Rc8 19. Rd1 Nxa1 20. Bxa1 Rc2 21.
Nc3 Bf6 22. f4 g5 23. e3 Bh3 24. Ne4 Bxe5 25. Bxe5 Rg2+ 26. Kh1 Rxa2 27. Nf6+
Kf8 28. Bd6+ Kg7 29. Be5 Bg2+ 30. Kg1 Bh3 31. Rd8 Kg6 32. e4 h5 33. f5+ Bxf5
34. Rg8+ Kh6 35. exf5 g4 36. Bf4# 1-0

[Event "NB II. Breyer csoport"]
[Site "Szekesfehervar"]
[Date "2023.10.08"]
[Round "1.1"]
[White "Szabo, Marton Mihaly"]
[Black "Kiss, Viktor"]
[Result "1-0"]
[WhiteElo "2270"]
[BlackElo "2200"]
[PlyCount "41"]
[EventDate "2023.10.08"]
[EventType "team-tourn"]
[EventRounds "9"]
[EventCountry "HUN"]
[Source "chess.hu"]
[WhiteTeam "Esztergomi SC"]
[BlackTeam "Fehervar SE"]
[WhiteTeamCountry "HUN"]
[BlackTeamCountry "HUN"]

1. Nf3 Nf6 2. b3 g6 3. Bb2 Bg7 4. e4 d6 5. g3 O-O 6. Qe2 b6 7. Bg2 Bb7 8. d3 c5
9. O-O Nbd7 10. Nbd2 Qc7 11. Nh4 Rfe8 12. Rab1 b5 13. f4 e6 14. c4 e5 15. cxb5
d5 16. Kh1 exf4 17. gxf4 dxe4 18. dxe4 Nxe4 19. Nxe4 Bxb2 20. Rxb2 f5 21. Qc4+
1-0

[Event "NB II. Breyer csoport"]
[Site "Szekesfehervar"]
[Date "2023.10.08"]
[Round "1.2"]
[White "Albrecht, Gabor"]
[Black "Szabo, Abel"]
[Result "0-1"]
[WhiteElo "2125"]
[BlackElo "2213"]
[PlyCount "108"]
[EventDate "2023.10.08"]
[EventType "team-tourn"]
[EventRounds "9"]
[EventCountry "HUN"]
[Source "chess.hu"]
[WhiteTeam "Fehervar SE"]
[BlackTeam "Esztergomi SC"]
[WhiteTeamCountry "HUN"]
[BlackTeamCountry "HUN"]

1. e4 c5 2. Nf3 Nc6 3. d4 cxd4 4. Nxd4 e5 5. Nb5 d6 6. c4 Be7 7. Be3 f5 8. exf5
Bxf5 9. N1c3 a6 10. Na3 Nf6 11. f3 O-O 12. Nc2 Kh8 13. Bd3 Be6 14. O-O d5 15.
cxd5 Nxd5 16. Nxd5 Qxd5 17. Be4 Qa5 18. Qe1 Qc7 19. Qg3 Rae8 20. Rfd1 Bg8 21.
Rac1 Qb8 22. Qh3 Rd8 23. Bb6 Rd6 24. Ne3 Bg5 25. Nf5 Rxf5 26. Qxf5 Bxc1 27.
Rxc1 Qe8 28. Bc7 Rf6 29. Bxc6 bxc6 30. Qxe5 Re6 31. Qc3 Re3 32. Qc5 Re1+ 33.
Kf2 Re2+ 34. Kg1 Qg6 35. Bg3 Rxb2 36. Qxc6 Qd3 37. Qc5 Rxa2 38. h3 Qd2 39. Bf2
a5 40. Re1 a4 41. Re7 a3 42. Qd4 Qg5 43. Ra7 Rd2 44. Qc3 a2 45. f4 Rd1+ 46. Kh2
Qh6 47. Qe5 Rd5 48. Qc3 Rd6 49. Qe5 Qf6 50. Qxf6 gxf6 51. Bc5 Rd7 52. Rxd7 a1=Q
53. Bd4 Qa6 54. Ra7 Qd6 0-1

[Event "NB II. Breyer csoport"]
[Site "Szekesfehervar"]
[Date "2023.10.08"]
[Round "1.3"]
[White "Ress, Tamas"]
[Black "Papagorasz, Takisz"]
[Result "1-0"]
[WhiteElo "2184"]
[BlackElo "2127"]
[PlyCount "49"]
[EventDate "2023.10.08"]
[EventType "team-tourn"]
[EventRounds "9"]
[EventCountry "HUN"]
[Source "chess.hu"]
[WhiteTeam "Esztergomi SC"]
[BlackTeam "Fehervar SE"]
[WhiteTeamCountry "HUN"]
[BlackTeamCountry "HUN"]

1. d4 Nf6 2. Bg5 Ne4 3. Bf4 d5 4. Nd2 Nxd2 5. Qxd2 e6 6. f3 c5 7. O-O-O cxd4 8.
Bxb8 Rxb8 9. Qxd4 Bd7 10. e4 Be7 11. exd5 Bf6 12. Qb4 a5 13. Qa3 Qb6 14. Bc4
Rc8 15. dxe6 Rxc4 16. exd7+ Kd8 17. Ne2 Qc7 18. Qd3 a4 19. Kb1 b5 20. Rhe1 b4
21. Qd5 Rc6 22. Nc1 Rf8 23. Qe4 Re6 24. Qxb4 Be7 25. Qxa4 1-0

[Event "NB II. Breyer csoport"]
[Site "Szekesfehervar"]
[Date "2023.10.08"]
[Round "1.4"]
[White "Szabo, Lorinc"]
[Black "Szucs, Vladimir"]
[Result "0-1"]
[WhiteElo "2050"]
[BlackElo "2085"]
[PlyCount "100"]
[EventDate "2023.10.08"]
[EventType "team-tourn"]
[EventRounds "9"]
[EventCountry "HUN"]
[Source "chess.hu"]
[WhiteTeam "Fehervar SE"]
[BlackTeam "Esztergomi SC"]
[WhiteTeamCountry "HUN"]
[BlackTeamCountry "HUN"]

1. e4 e6 2. d4 d5 3. Nd2 c5 4. Ngf3 cxd4 5. Nxd4 Nf6 6. Bb5+ Bd7 7. e5 Bxb5 8.
Nxb5 Nfd7 9. Qe2 Nc6 10. c4 dxc4 11. Nxc4 Bb4+ 12. Bd2 Bxd2+ 13. Qxd2 O-O 14.
f4 a6 15. Nbd6 b5 16. Ne3 Qb6 17. O-O Rad8 18. Qf2 f6 19. Ng4 Qxf2+ 20. Rxf2
fxe5 21. Rc1 Nb4 22. Rd1 Nc5 23. fxe5 Rxf2 24. Nxf2 Nxa2 25. Rd4 Nc1 26. Kf1
N1b3 27. Rg4 Nd7 28. Nb7 Rb8 29. Rb4 Nd2+ 30. Ke2 Rxb7 31. Kxd2 Nxe5 32. Re4
Rd7+ 33. Kc3 Rd5 34. Nh3 Kf7 35. Nf4 Rc5+ 36. Kd4 Nd7 37. Kd3 e5 38. Ne2 Nf6
39. Re3 a5 40. Nc3 Ke6 41. Rg3 g6 42. b3 b4 43. Na4 Rc6 44. Re3 Nd5 45. Rg3
Nf4+ 46. Kd2 Kf5 47. Rf3 e4 48. g4+ Ke5 49. Re3 Rd6+ 50. Kc2 Rd3 0-1

[Event "NB II. Breyer csoport"]
[Site "Szekesfehervar"]
[Date "2023.10.08"]
[Round "1.5"]
[White "Balogh, Peter"]
[Black "Nadi, Ferenc"]
[Result "1/2-1/2"]
[WhiteElo "2001"]
[BlackElo "2041"]
[PlyCount "100"]
[EventDate "2023.10.08"]
[EventType "team-tourn"]
[EventRounds "9"]
[EventCountry "HUN"]
[Source "chess.hu"]
[WhiteTeam "Esztergomi SC"]
[BlackTeam "Fehervar SE"]
[WhiteTeamCountry "HUN"]
[BlackTeamCountry "HUN"]

1. e4 c6 2. d4 d5 3. e5 c5 4. c3 Nc6 5. Nf3 cxd4 6. cxd4 Bg4 7. Bb5 Qb6 8. Nc3
e6 9. O-O Nge7 10. Be3 Nf5 11. h3 Bxf3 12. Qxf3 Be7 13. b3 Nxe3 14. fxe3 O-O
15. Rac1 Rac8 16. Bd3 g6 17. Na4 Qa5 18. Bb1 b5 19. Nb2 Qb6 20. Nd3 Qb8 21. Nf4
Bg5 22. h4 Bxf4 23. Qxf4 f6 24. exf6 Qxf4 25. Rxf4 e5 26. dxe5 Nxe5 27. Rd1
Rfd8 28. Rfd4 Kf7 29. e4 Kxf6 30. exd5 Rd6 31. Re1 Nd7 32. Rf4+ Kg7 33. Re7+
Kg8 34. Be4 Nf6 35. Rxa7 Nxd5 36. Bxd5+ Rxd5 37. Rff7 Rh5 38. Rf4 Rd5 39. Rb7
Rc1+ 40. Kh2 Rc2 41. Re4 Rc8 42. Rb4 Rcc5 43. a4 bxa4 44. Rxa4 Rc8 45. Raa7 Rh5
46. Kh3 g5 47. Rg7+ Kh8 48. Rxg5 Rxg5 49. hxg5 Rc3+ 50. Kh4 Rxb3 1/2-1/2

[Event "NB II. Breyer csoport"]
[Site "Szekesfehervar"]
[Date "2023.10.08"]
[Round "1.6"]
[White "Grull, Denes"]
[Black "Petervari, Szabolcs"]
[Result "0-1"]
[WhiteElo "1865"]
[BlackElo "1972"]
[PlyCount "52"]
[EventDate "2023.10.08"]
[EventType "team-tourn"]
[EventRounds "9"]
[EventCountry "HUN"]
[Source "chess.hu"]
[WhiteTeam "Fehervar SE"]
[BlackTeam "Esztergomi SC"]
[WhiteTeamCountry "HUN"]
[BlackTeamCountry "HUN"]

1. Nf3 Nf6 2. g3 c5 3. Bg2 Nc6 4. d3 d5 5. Nbd2 e5 6. e4 d4 7. O-O Qc7 8. a3
Be7 9. h3 Rg8 10. c3 g5 11. cxd4 cxd4 12. b4 a6 13. Nc4 g4 14. hxg4 Bxg4 15.
Qc2 Bxf3 16. Bxf3 h5 17. Bg2 h4 18. gxh4 Nh5 19. Na5 Qd7 20. f3 Nxa5 21. bxa5
Rc8 22. Qf2 Rxc1 23. Rfxc1 Nf4 24. Rc2 Nh3+ 25. Kh2 Nxf2 26. Rxf2 Bxh4 0-1

[Event "NB II. Breyer csoport"]
[Site "Szekesfehervar"]
[Date "2023.10.08"]
[Round "1.7"]
[White "Szabo, Lajos"]
[Black "Fehervari, Istvan"]
[Result "1/2-1/2"]
[WhiteElo "1999"]
[BlackElo "1935"]
[PlyCount "28"]
[EventDate "2023.10.08"]
[EventType "team-tourn"]
[EventRounds "9"]
[EventCountry "HUN"]
[Source "chess.hu"]
[WhiteTeam "Esztergomi SC"]
[BlackTeam "Fehervar SE"]
[WhiteTeamCountry "HUN"]
[BlackTeamCountry "HUN"]

1. Nf3 Nf6 2. d4 e6 3. c4 c5 4. Nc3 b6 5. Bg5 Be7 6. e3 Bb7 7. Bd3 h6 8. Bxf6
Bxf6 9. O-O O-O 10. Qe2 Na6 11. d5 Nb4 12. a3 Nxd3 13. Qxd3 exd5 14. cxd5 d6
1/2-1/2

[Event "NB II. Breyer csoport"]
[Site "Szekesfehervar"]
[Date "2023.10.08"]
[Round "1.8"]
[White "Somos, Mate"]
[Black "Meszarosova, Eva"]
[Result "0-1"]
[WhiteElo "1732"]
[BlackElo "1945"]
[PlyCount "126"]
[EventDate "2023.10.08"]
[EventType "team-tourn"]
[EventRounds "9"]
[EventCountry "HUN"]
[Source "chess.hu"]
[WhiteTeam "Fehervar SE"]
[BlackTeam "Esztergomi SC"]
[WhiteTeamCountry "HUN"]
[BlackTeamCountry "HUN"]

1. e4 c5 2. Nf3 d6 3. d4 cxd4 4. Nxd4 Nf6 5. Nc3 a6 6. Bg5 e6 7. f4 Be7 8. Qf3
Qc7 9. O-O-O Nbd7 10. g4 b5 11. Bxf6 Nxf6 12. g5 Nd7 13. f5 Ne5 14. Qg3 b4 15.
Nce2 Qa5 16. Kb1 exf5 17. Nxf5 Bxf5 18. exf5 Rc8 19. Bg2 Rc5 20. Nd4 Qc7 21.
Rhf1 g6 22. h4 O-O 23. f6 Bd8 24. h5 Re8 25. hxg6 fxg6 26. Qb3+ Qf7 27. Qxb4
Ba5 28. Qb3 Nc4 29. Nc6 Rb5 30. Ne7+ Rxe7 31. fxe7 Rxb3 32. Rxf7 Rxb2+ 33. Kc1
Kxf7 34. Bd5+ Kxe7 35. Bxc4 Rb4 36. Bxa6 Rh4 37. Rd5 Bc3 38. Kd1 Ra4 39. Bb5
Rxa2 40. Rd3 Be5 41. Rh3 Ra1+ 42. Ke2 Rg1 43. Rxh7+ Ke6 44. Bd7+ Kd5 45. Rh6
Rxg5 46. Be8 Rg2+ 47. Kd3 Rg3+ 48. Ke2 g5 49. Rg6 Kd4 50. Bc6 Rc3 51. Ba4 Bf4
52. Bb3 Ke4 53. Rg8 Rh3 54. Re8+ Be5 55. Rg8 Rh2+ 56. Kf1 Kf4 57. Rf8+ Kg3 58.
Rg8 Bf4 59. Rg6 Rd2 60. Ba4 d5 61. Rc6 Kf3 62. Rc3+ Be3 63. Rd3 Rh2 0-1

[Event "NB II. Breyer csoport"]
[Site "Szekesfehervar"]
[Date "2023.10.08"]
[Round "1.9"]
[White "Kovacs, Geza"]
[Black "Pais, Nimrod"]
[Result "1-0"]
[WhiteElo "1938"]
[BlackElo "1780"]
[PlyCount "87"]
[EventDate "2023.10.08"]
[EventType "team-tourn"]
[EventRounds "9"]
[EventCountry "HUN"]
[Source "chess.hu"]
[WhiteTeam "Esztergomi SC"]
[BlackTeam "Fehervar SE"]
[WhiteTeamCountry "HUN"]
[BlackTeamCountry "HUN"]

1. e4 c5 2. b4 cxb4 3. d4 e6 4. a3 Nf6 5. Bd3 d5 6. e5 Nfd7 7. axb4 Bxb4+ 8. c3
Be7 9. Qg4 Kf8 10. f4 f5 11. exf6 Nxf6 12. Qe2 Na6 13. Nf3 Nc7 14. O-O Bd7 15.
Ne5 Be8 16. Nd2 a6 17. f5 exf5 18. Bxf5 g6 19. Bd3 Kg7 20. Ndf3 Rf8 21. Qd2 Ng8
22. Bb2 b5 23. Rae1 Rb8 24. Qe2 Rb6 25. h3 Rbf6 26. Ng4 Rb6 27. Bc1 Re6 28. Qd2
Rb6 29. Qe2 Re6 30. Qa2 Rc6 31. Bd2 h5 32. Nge5 Re6 33. Qa1 Bf6 34. Qc1 Rb6 35.
Qc2 Be7 36. Re2 Bf6 37. Rfe1 g5 38. Qc1 Ne6 39. Bb1 Bxe5 40. Rxe5 Nf4 41. Bxf4
gxf4 42. Rg5+ Kh6 43. Qc2 Nf6 44. Rg6+ 1-0

[Event "NB II. Breyer csoport"]
[Site "Szekesfehervar"]
[Date "2023.10.08"]
[Round "1.10"]
[White "Kerekes, Laszlo Fulop"]
[Black "Fekete, Laszlo"]
[Result "0-1"]
[WhiteElo "1615"]
[BlackElo "1827"]
[PlyCount "88"]
[EventDate "2023.10.08"]
[EventType "team-tourn"]
[EventRounds "9"]
[EventCountry "HUN"]
[Source "chess.hu"]
[WhiteTeam "Fehervar SE"]
[BlackTeam "Esztergomi SC"]
[WhiteTeamCountry "HUN"]
[BlackTeamCountry "HUN"]

1. c4 c5 2. Nc3 Nc6 3. g3 e5 4. e4 g6 5. Bg2 Bg7 6. d3 d6 7. Nge2 Nge7 8. O-O
O-O 9. h3 Rb8 10. Kh2 a6 11. a4 Nd4 12. f4 exf4 13. Nxf4 b5 14. Nfd5 Nxd5 15.
Nxd5 bxc4 16. dxc4 Nb3 17. Ra2 Nxc1 18. Qxc1 Be5 19. Rf3 f5 20. Qe3 fxe4 21.
Rxf8+ Qxf8 22. Bxe4 Bd4 23. Qe2 Rb3 24. Qd2 Kh8 25. Nf4 Bf5 26. Qc2 Bxe4 27.
Qxe4 Re3 28. Qg2 g5 29. Nd5 Rb3 30. Nc3 Qf7 31. Qd2 Rb8 32. Ra1 Re8 33. Qg2
Qxc4 34. Rf1 Bxc3 35. bxc3 Qxc3 36. Rf3 Qc4 37. Qb2+ Qd4 38. Qc2 c4 39. Rf7 Qd3
40. Qf2 Qg6 41. Rd7 Kg8 42. Qb2 c3 43. Qg2 Qe4 44. Qa2+ Qe6 0-1

[Event "NB II. Breyer csoport"]
[Site "Szekesfehervar"]
[Date "2023.10.08"]
[Round "1.11"]
[White "Szabo, Pal"]
[Black "Fekete, Csaba"]
[Result "1-0"]
[WhiteElo "1781"]
[BlackElo "1453"]
[PlyCount "101"]
[EventDate "2023.10.08"]
[EventType "team-tourn"]
[EventRounds "9"]
[EventCountry "HUN"]
[Source "chess.hu"]
[WhiteTeam "Esztergomi SC"]
[BlackTeam "Fehervar SE"]
[WhiteTeamCountry "HUN"]
[BlackTeamCountry "HUN"]

1. d4 Nf6 2. Nf3 e6 3. c4 d5 4. Nc3 Be7 5. e3 O-O 6. Bd3 c5 7. cxd5 Nxd5 8. O-O
b6 9. Qc2 g6 10. e4 Nb4 11. Qe2 cxd4 12. Nb5 N8c6 13. Bf4 Nxd3 14. Qxd3 Ba6 15.
a4 Bxb5 16. axb5 Nb4 17. Qxd4 Qxd4 18. Nxd4 Nd3 19. Nc6 Bc5 20. Bg3 Nxb2 21.
Be5 Nd3 22. Bf6 Rfe8 23. Ra4 h5 24. g3 Bf8 25. Rfa1 a5 26. bxa6 Nc5 27. R4a2
Rec8 28. Ne7+ Bxe7 29. Bxe7 Nxe4 30. Rb2 Rcb8 31. f3 Ra7 32. Bb4 Ng5 33. Bd6
Nxf3+ 34. Kf2 Rd8 35. Rxb6 Nd4 36. Bb8 Ra8 37. a7 Rc8 38. Raa6 Nc6 39. Rxc6
Rcxb8 40. axb8=Q+ Rxb8 41. Rc2 Kg7 42. Ra7 Rf8 43. Rcc7 g5 44. Kf3 Kg6 45. Ke4
Kf6 46. Rab7 Kg6 47. Ke5 Kg7 48. Re7 Kg6 49. h4 gxh4 50. gxh4 f6+ 51. Kxe6 1-0

[Event "NB II. Breyer csoport"]
[Site "Szekesfehervar"]
[Date "2023.10.08"]
[Round "1.12"]
[White "Barna, Tamas"]
[Black "Marosvari, Gergo"]
[Result "1-0"]
[WhiteElo "1438"]
[BlackElo "1706"]
[PlyCount "57"]
[EventDate "2023.10.08"]
[EventType "team-tourn"]
[EventRounds "9"]
[EventCountry "HUN"]
[Source "chess.hu"]
[WhiteTeam "Fehervar SE"]
[BlackTeam "Esztergomi SC"]
[WhiteTeamCountry "HUN"]
[BlackTeamCountry "HUN"]

1. d4 Nf6 2. Bf4 e6 3. e3 d5 4. Nf3 Bd6 5. Ne5 O-O 6. Bd3 c5 7. c3 b6 8. Nd2
Bb7 9. O-O Nc6 10. e4 Qc7 11. Bg3 Nxe5 12. dxe5 Bxe5 13. f4 Bxc3 14. bxc3 Nxe4
15. Bxe4 dxe4 16. f5 Qd7 17. f6 Qd3 18. Qg4 Qe3+ 19. Rf2 Qh6 20. Nxe4 Bxe4 21.
fxg7 Qxg7 22. Qxe4 Rfe8 23. Be5 Qg6 24. Qe2 h5 25. Rf3 h4 26. Rf6 Qg5 27. Raf1
Re7 28. R1f4 Kh7 29. Qe4+ 1-0

[Event "NB II. Breyer csoport"]
[Site "Zsambek"]
[Date "2023.10.08"]
[Round "1.1"]
[White "Pasztor, Balazs"]
[Black "Gal, Tamas"]
[Result "1-0"]
[WhiteElo "2353"]
[BlackElo "2260"]
[PlyCount "141"]
[EventDate "2023.10.08"]
[EventType "team-tourn"]
[EventRounds "9"]
[EventCountry "HUN"]
[Source "chess.hu"]
[WhiteTeam "Geniusz Tata-Naszaly"]
[BlackTeam "Zsambeki SBE"]
[WhiteTeamCountry "HUN"]
[BlackTeamCountry "HUN"]

1. e4 c6 2. d4 d5 3. e5 Bf5 4. Nf3 e6 5. Be2 c5 6. Be3 Qb6 7. c4 Qxb2 8. O-O
Ne7 9. Qb3 Qxb3 10. axb3 Nbc6 11. Nc3 dxc4 12. bxc4 cxd4 13. Bxd4 Ng6 14. Nb5
Rc8 15. Nxa7 Nxa7 16. Rxa7 Bc5 17. Bxc5 Rxc5 18. Rxb7 O-O 19. Rb5 Rfc8 20. Re1
Bg4 21. Bf1 Bxf3 22. gxf3 Nf4 23. h4 h6 24. Kh2 g5 25. hxg5 hxg5 26. Reb1 Ng6
27. Rxc5 Rxc5 28. Rb5 Rxe5 29. Bd3 Re1 30. Rxg5 Kg7 31. Bxg6 fxg6 32. c5 e5 33.
Rg1 Re2 34. Rc1 Rxf2+ 35. Kg3 Rd2 36. c6 Rd8 37. c7 Rc8 38. Kf2 Kf6 39. Ke3 Kf5
40. Rc2 Ke6 41. Ke4 Kd6 42. Rc3 Ke6 43. Rc6+ Kd7 44. Rxg6 Rf8 45. Rg7+ Kc8 46.
Re7 Rf4+ 47. Ke3 Rf5 48. Ke2 Rg5 49. Rf7 Rh5 50. Ke3 Rh1 51. Ke4 Re1+ 52. Kd5
Kb7 53. Kd6 e4 54. Rf8 Rd1+ 55. Ke6 Kxc7 56. fxe4 Rd6+ 57. Ke7 Rd7+ 58. Kf6
Rd6+ 59. Kf7 Rd7+ 60. Kg6 Kd6 61. Kf6 Kc6 62. Rc8+ Kd6 63. e5+ Kd5 64. Rc1 Ra7
65. Rd1+ Kc6 66. e6 Ra2 67. e7 Rf2+ 68. Kg7 Re2 69. Kf7 Rf2+ 70. Ke8 Ra2 71.
Rf1 1-0